Fictions et realites : la France, la Grece et la strategie des operations peripheriques dans le Sud-Est Europeen (1939-1940)
Saved in:
| Main Author: | |
|---|---|
| Format: | Book |
| Language: | French |
| Published: |
Thessaloniki :
Institute for Balkan Studies,
1990.
|
| Series: | Ίδρυμα Μελετών Χερσονήσου του Αίμου (Εταιρεία Μακεδονικών Σπουδών)
; 233 |
| Subjects: | |
| Tags: |
Add Tag
No Tags, Be the first to tag this record!
|
MARC
| LEADER | 00000cam a2200000 i 4500 | ||
|---|---|---|---|
| 001 | 1/87930 | ||
| 008 | 970410s1990 gr | ||| |||| ||fre|| | ||
| 022 | |a 0073-862-X | ||
| 035 | |a 1992 |b 2 |c Δωρεά |l 10035368 | ||
| 040 | |a GR-MyUA |b gre |c GR-MyUA |e AACR2 | ||
| 041 | 0 | |a fre | |
| 082 | 7 | |a 940.542196 |2 (22) | |
| 100 | 1 | |a Μουρέλος, Γιάννης Γ. | |
| 245 | 1 | 0 | |a Fictions et realites : |b la France, la Grece et la strategie des operations peripheriques dans le Sud-Est Europeen (1939-1940) / |c Yannis G. Mourelos. |
| 260 | |a Thessaloniki : |b Institute for Balkan Studies, |c 1990. | ||
| 300 | |a 117 σ. | ||
| 490 | 1 | |a (Hidryma Meleton Chersonesou tou Haimou ; |v 233) |x 0073-862-X | |
| 650 | 0 | |a World War, 1939-1945 |x Campaigns |z Balkan Peninsula. | |
| 650 | 0 | |a World War, 1939-1945 |z France. | |
| 650 | 0 | |a World War, 1939-1945 |x Campaigns |z Greece. | |
| 651 | 0 | |a Balkan Peninsula |x History, Military. | |
| 651 | 0 | |a France |x History, Military |y 20th century. | |
| 651 | 0 | |a Greece |x History, Military. | |
| 830 | 0 | |a Ίδρυμα Μελετών Χερσονήσου του Αίμου (Εταιρεία Μακεδονικών Σπουδών) |v ; 233 |x 0073-862-X | |
| 852 | |a INST |b RHODES |e 19970410 |h 940.542196 ΜΟΥ |p 005400000310 |q 005400000310 |t BK |y 0 | ||